Score 0/30 Timer 10:00
0 Plays Today
Number Country % Correct
22.Canada
81.9%
20.Australia
79.3%
1.Vatican City
77.8%
11.Israel
72.5%
4.United Arab Emirates
71.8%
26.New Zealand
71.3%
5.Monaco
70.1%
3.Qatar
68.9%
7.Singapore
67%
2.Andorra
66.8%
15.San Marino
66%
12.Luxembourg
65.4%
13.Liechtenstein
65%
6.Kuwait
64.7%
16.Saudi Arabia
64.3%
Number Country % Correct
8.Bahrain
64.1%
17.Oman
61.7%
9.Jordan
54.1%
24.Lebanon
53.7%
18.Switzerland
51.1%
14.Brunei
44.8%
10.Nauru
33.6%
30Palau
32.3%
21.Latvia
31.8%
28.Estonia
31.8%
29.Belize
28.8%
25.Kazakhstan
26.4%
19.Antigua and Barbuda
22.6%
27.The Gambia
17.6%
23.Gabon
15.1%
Remove Ads.
Support Sporcle.
Get the best of Sporcle when you Go Orange. This ad-free experience offers more features, more stats, and more fun while also helping to support Sporcle. Thank you for becoming a member.

You're not logged in!

Compare scores with friends on all Sporcle quizzes.
OR
Log In

Show Comments

Extras

Top Quizzes Today


Score Distribution

Your Account Isn't Verified!

In order to create a playlist on Sporcle, you need to verify the email address you used during registration. Go to your Sporcle Settings to finish the process.

Report this User

Report this user for behavior that violates our Community Guidelines.

Details: